Reservoir Dogs (1992): Characters by Picture - Statistics

General Stats
  • This quiz has been taken 21 times
  • The average score is 7 of 10
Answer Stats
Picture Answer % Correct
Mr. Pink
100%
Mr. White | Lawrence Dimmick
100%
Mr. Orange | Freddy Newandyke
94%
Mr. Blonde | Vick Vega
83%
Mr. Blue
83%
Mr. Brown
83%
Joe Cabot
61%
"Nice Guy Eddie" Cabot
56%
Marvin Nash
39%
Holdaway
17%
No matching quizzes found
Score Distribution
Percent of People with Each Score
Percentile by Number Answered
Your Score History
You have not taken this quiz